00405 a2200157 4500003000400000005001700004008004100021020001800062040000900080082001500089100001200104245007600116250001200192260003300204300001000237OSt20231205112445.0231205b |||||||| |||| 00| 0 eng d a978812643659o coclc a920bJOH/K aJohnson aKutiyante Kumbasaaram:bOru Madyaasaktharogiyute Aathmakatha /cJohnson a6th ed. aKottayam:bD C Books,c2021. a592p.